000 00849nam a2200301Ia 4500
005 20250425161837.0
008 250425s9999 xx 000 0 und d
020 _a9688801798
041 _aspa
043 _amx
082 _a657.42
100 _aHORNGREN, CHARLES T.
245 0 _aCONTABILIDAD DE COSTOS: UN ENFOQUE GERENCIAL
250 _a6A ED.
260 _aMéxico
_bPRENTICE- HALL HISPANOAMERICANA, S.A.
_c1991
260 _aS.L.
300 _a1120
500 _aTítulo Traducido: COST ACCOUNTING : A MANAGERIAL EMPHASIS
650 _aCONTABILIDAD DE COSTOS
650 _aCONTROL ADMINISTRATIVO
650 _aPLANEACION
650 _aPROGRAMACION LINEAL
650 _aTOMA DE DECISIONES
700 _aJULIO CORO PANDO
_etraductor
710 _aPRENTICE-HALL HISPANOAMERICANA, S.A.
942 _c01
010 _a32100
999 _c217273
_d217273